Missão terra (Record no. 190060)

MARC details
000 -LÍDER
campo de controle de tamanho fixo 00370 a2200169 4500
001 - NÚMERO DE CONTROLE
campo de controle 190060
020 ## - ISBN - INTERNATIONAL STANDARD BOOK NUMBER
ISBN - International Standard Book Number 85-06-01905-2
040 ## - FONTE DA CATALOGAÇÃO
Instituição que transcreveu o registro Magnum
100 ## - ENTRADA PRINCIPAL--NOME PESSOAL
Nome pessoal Organização das Nações Unidas
240 10 - TÍTULO UNIFORME
Título uniforme Missão terra
Idioma da obra por
245 10 - TÍTULO
Título Missão terra
300 ## - DESCRIÇÃO FÍSICA
Extensão 96
362 0# - DATAS DE PUBLICAÇÃO E/OU DESIGNAÇÃO SEQUENCIAL
Datas de publicação e/ou designação sequencial 1994
440 #1 - DECLARAÇÃO DE SÉRIE/ENTRADA ADICIONADA--TÍTULO
Título Melhoramentos
697 ## - ENTRADA DE ASSUNTO LOCAL--ENTIDADE COLETIVA (RLIN)
Nome corporativo ou nome da jurisdição CIÊNCIAS AMBIENTAIS
942 ## - ELEMENTOS DE ENTRADA ADICIONADOS (KOHA)
Tipo de material Koha Livros
Holdings
Situação do descarte Situação das perdas Situação física Não pode ser emprestado Biblioteca de origem Biblioteca atual Data de aquisição Total de empréstimos Número de chamada completo Código de barras Data de último acesso Data do preço efetivo Tipo de material Koha
        Magnum Magnum 08/06/2024   1.245 MAG00066065 08/06/2024 08/06/2024 Livros
        Magnum Magnum 08/06/2024   1.245 MAG00066066 08/06/2024 08/06/2024 Livros